ბათუმის შოთა რუსთაველის სახელმწიფო უნივერსიტეტის ბიბლიოთეკა

Практикум по программированию на фортране (ბიბ.ჩანაწერი № 47988)

000 -LEADER
fixed length control field 00571nam a2200181Ia 4500
001 - CONTROL NUMBER
control field 14866
003 - CONTROL NUMBER IDENTIFIER
control field GE_BSU
008 - FIXED-LENGTH DATA ELEMENTS--GENERAL INFORMATION
fixed length control field 181216s||||||||xx |||||||||||||| ||und||
040 ## - CATALOGING SOURCE
Transcribing agency GE_BSU
080 ## - UNIVERSAL DECIMAL CLASSIFICATION NUMBER
Universal Decimal Classification number 519.85
100 ## - MAIN ENTRY--PERSONAL NAME
Personal name Бухтияров, А.М. Маликова,Ю.П. Фролов,Г.Д.
245 ## - TITLE STATEMENT
Title Практикум по программированию на фортране
260 ## - PUBLICATION, DISTRIBUTION, ETC.
Place of publication, distribution, etc. Москва
260 ## - PUBLICATION, DISTRIBUTION, ETC.
Date of publication, distribution, etc. 1973
300 ## - PHYSICAL DESCRIPTION
Extent 304стр.21см.
653 ## - INDEX TERM--UNCONTROLLED
Uncontrolled term Практикум по программированию на фортране
942 ## - ADDED ENTRY ELEMENTS (KOHA)
Koha item type წიგნი
ეგზემპლარები
Withdrawn status Lost status Damaged status Not for loan Date acquired Barcode Date last seen Price effective from Koha item type
        2018-12-17 17947 2018-12-17 2018-12-17 წიგნი
        2018-12-17 17948 2018-12-17 2018-12-17 წიგნი
        2018-12-17 17949 2018-12-17 2018-12-17 წიგნი